| 000 | 00398nam a2200157Ia 4500 | ||
|---|---|---|---|
| 005 | 20250311075005.0 | ||
| 008 | 240331s9999 xx 000 0 und d | ||
| 082 |
_bBAL _a894 |
||
| 100 | _aBalamurugan, M.A | ||
| 245 | 0 | _aT.P.Meenadchi Suntharanaarin Aayvuthiran | |
| 260 |
_aBengalur _bKavya Press _c1992 |
||
| 300 | _aXi, 263 p ., | ||
| 650 | _aHistory | ||
| 650 | _aTamil Literature | ||
| 942 | _cL | ||
| 999 |
_c3974 _d3974 |
||